Nom d'une vrais équipe NBA - Mort subite - Statistiques

Statistiques générales
  • Ce quiz a été pris 77 fois
  • Le résultat moyen est 8 sur 8
Answers on the Grid
Answers color-coded by a green-red scale on the quiz's grid according to % correct below.
Los Angeles Lakers
Detroit Tiger
Golden State Warriors
San Antonio Spurs
Oklaoma City Thunder
Dallas Cowboys
Minesota Twins
Chicago Bulls
New York Mets
Brooklyn Nets
Detroit Piston
Boston Celtics
 
Statistiques - réponses
Réponse % Correct
Chicago Bulls
99%
Golden State Warriors
99%
San Antonio Spurs
99%
Boston Celtics
97%
Los Angeles Lakers
97%
Brooklyn Nets
94%
Oklaoma City Thunder
94%
Detroit Piston
91%
Aucun quiz correspondant
Distribution des résultats
% des personnes avec chaque résultat
Percentile par nombre de réponses
Votre historique - résultats
Vous n’avez pas pris ce quiz